Zgadnij jaki to pokemon po jego numerze w pokedexie - Statystyki

Ogólne statystyki
  • Ten quiz został rozwiązany 12 razy
  • Średni wynik to 9 z 31
Statystyki odpowiedzi
Hint Extra Hint Odpowiedź % Poprawnych
0334 Hoenn Altaria
44%
0132 Kanto Ditto
44%
0214 Johto Heracross
44%
0014 Kanto Kakuna
44%
0698 Kalos Amaura
33%
0251 Johto Celebi
33%
0909 Paldea Fuecoco
33%
0282 Hoenn Gardevoir
33%
0983 Paldea Kingambit
33%
0258 Hoenn Mudkip
33%
0054 Kanto Psyduck
33%
0901 Hisui Ursaluna
33%
0831 Galar Wooloo
33%
0718 Kalos Zygrade
33%
0399 Sinnoh Bidoof
22%
0625 Unova Bisharp
22%
0975 Paldea Cetitan
22%
0789 Alola Cosmog
22%
0425 Sinnoh Drifloon
22%
0530 Unova Excadrill
22%
0736 Alola Grubbin
22%
0177 Johto Natu
22%
0730 Alola Primarina
22%
0813 Galar Scorbunny
22%
0568 Unova Trubbish
22%
0197 Johto Umbreon
22%
0320 Hoenn Wailmer
22%
0888 Galar Zacian
22%
0658 Kalos Greninja
11%
0778 Alola Mimikyu
11%
0442 Sinnoh Spiritomb
11%
Nie znaleziono quizów pasujących do podanych kryteriów
Rozkład punktacji
Procent ludzi z każdym wynikiem
Percentyl według liczby udzielonych odpowiedzi
Twoja historia wyników
Nie rozwiązałeś tego quizu